paroles - pour deux âmes solitaires pt2. luidji - Statistiques

Statistiques générales
  • Ce quiz a été pris 56 fois
  • Le résultat moyen est 330 sur 454
Statistiques - réponses
Paroles % Correct
à
98%
a
98%
m'
98%
r'
98%
t'
98%
j'
95%
l'
95%
c'
93%
d'
93%
de
93%
elle
93%
son
93%
elles
91%
en
91%
plus
91%
plus,
91%
se
91%
sont
91%
fraîches,
89%
me
89%
ses
89%
tard,
89%
tard
89%
te
89%
des
86%
es
86%
forme
86%
je
86%
moi,
86%
moi
86%
n'
86%
qu'
86%
le
84%
bonne
82%
et
82%
formes,
80%
pour
80%
ai
77%
âmes
77%
attends,
77%
ce
77%
deux
77%
ou
77%
pas
77%
solitaires?
77%
bonnes
75%
est
75%
ma
75%
pop-corn
75%
repense
75%
si
75%
tu
75%
comme
73%
gros
73%
lui
73%
même,
73%
même
73%
moin
73%
moins
73%
que
73%
con
70%
les
70%
mon
70%
on
70%
ouais
70%
ouais,
70%
par
70%
propre
70%
recule
70%
un
70%
ex,
68%
ex
68%
la
68%
mais
68%
passé
68%
peut
68%
quand
68%
qui
68%
tes
68%
toi
68%
aime
66%
belle
66%
bien
66%
faire
66%
fait
66%
fait,
66%
passer
66%
pensées
66%
suis
66%
sur
66%
tenant
66%
une
66%
vie,
66%
années
64%
avant
64%
car
64%
choisi
64%
ciel
64%
dire
64%
est-ce
64%
fais
64%
il
64%
médecin
64%
ont
64%
petite
64%
réfléchis
64%
sortant
64%
souvent
64%
taf
64%
toilettes
64%
va
64%
veux,
64%
y
64%
commence
61%
cracher
61%
Dalton
61%
dernier
61%
destin
61%
enfin
61%
femmes
61%
grosse
61%
osé
61%
pose
61%
psy,
61%
questions
61%
sais
61%
servi
61%
agis
59%
connu
59%
culs
59%
écoute
59%
était
59%
foncées
59%
oublier
59%
parce
59%
parler,
59%
préfère
59%
rêve
59%
taille
59%
texte,
59%
vu
59%
bol
57%
bronzées,
57%
brunes
57%
clebs
57%
comment
57%
dans
57%
donner
57%
film,
57%
Luidji
57%
merde,
57%
pire,
57%
pote
57%
potes
57%
ras
57%
sein
57%
sexe
57%
temps
57%
alcool
55%
blague,
55%
celles
55%
commencer,
55%
côté
55%
drague
55%
drogue
55%
mes
55%
renoi
55%
rien,
55%
sert
55%
sourit
55%
terminer
55%
tête
55%
tout
55%
vaccin
55%
vas
55%
vieux
55%
aimer,
52%
allume
52%
arrête
52%
capote
52%
corda,
52%
malsain
52%
mettre
52%
parles
52%
penser,
52%
peux
52%
ton
52%
copine,
50%
intéressantes
50%
jurer
50%
meufs
50%
mines,
50%
peut-être
50%
pleins
50%
rêver
50%
sans
50%
adorer
48%
album
48%
au
48%
connes
48%
néfaste
48%
passions
48%
penchant
48%
placebo,
48%
trompé
48%
avec
45%
bosse
45%
défauts,
45%
du
45%
genre
45%
non
45%
oui,
45%
races
45%
saugrenues
45%
sous
45%
suite
45%
caille,
43%
carotte
43%
entourent
43%
épaule,
43%
hein
43%
graves
41%
re-pu,
41%
tient
41%
vend
41%
copines
39%
parano
39%
asseyes
34%
disaient
34%
disais
34%
celle-la
32%
feu-meu
23%
pelote
23%
Aucun quiz correspondant
Distribution des résultats
% des personnes avec chaque résultat
Percentile par nombre de réponses
Votre historique - résultats
Vous n’avez pas pris ce quiz